Le cinéma de Bertrand TAVERNIER - Statistiques

Statistiques générales
  • Ce quiz a été pris 27 fois
  • Le résultat moyen est 13 sur 18
Statistiques - réponses
Hint Réponse % Correct
Noiret fait le ménage en 1981 Coup de torchon
96%
L'après-guerre, Noiret, Azéma et Pascale Vignal La vie et rien d'autre
91%
Philippe Torreton dans les Balkans Capitaine Conan
87%
Stupéfiantes histoires de flics, 1992 L.627
83%
Sophie Marceau, Philippe Noiret et Claude Rich La fille de d'Artagnan
83%
1976, Noiret et Galabru dans la fin tourmentée du XIXè siècle Le juge et l'assassin
78%
1974, premier long métrage, à Lyon évidemment L'horloger de Saint-Paul
78%
Pas simple d'écrire un discours pour le ministre Quai d'Orsay
78%
1980, Romy Schneider et la dictature du voyeurisme La mort en direct
74%
Intrigues sur fonds de guerres de religion, sorti en 2010 La princesse de Montpensier
74%
1984, un césar pour Sabine Azéma Un dimanche à la campagne
74%
Le jazz et l'amitié, 1986 Autour de minuit
70%
Le cinéma français sous l'Occupation, sorti en 2002 Laissez-passer
61%
1975, la conspiration de Pontcallec Que la fête commence ...
61%
juin 1980, mal-être d'une enseignante, Nathalie Baye Une semaine de vacances
61%
Philippe Torreton en instituteur tenace Ça commence aujourd'hui
52%
1977, Piccoli essaie d'écrire un scénario Des enfants gâtés
48%
Une oeuvre de mémoire collective de 1992 La guerre sans nom
43%
Aucun quiz correspondant
Distribution des résultats
% des personnes avec chaque résultat
Percentile par nombre de réponses
Votre historique - résultats
Vous n’avez pas pris ce quiz